header

The science of serendipity (Record no. 67877)

MARC details
000 -LEADER
fixed length control field 01231nam a2200313 a 4500
100 1# - MAIN ENTRY--AUTHOR NAME
Personal name Kingdon, Matt.
245 14 - TITLE STATEMENT
Title The science of serendipity
260 ## - PUBLICATION, DISTRIBUTION, ETC. (IMPRINT)
Place of publication Chichester :
Name of publisher Wiley,
Year of publication c2012.
300 ## - PHYSICAL DESCRIPTION
Number of Pages vii, 246 p. :
Other physical details ill. (chiefly col.)
650 #0 - SUBJECT ADDED ENTRY--TOPICAL TERM
Topical Term Success in business.
Topical Term Creative ability in business.
856 40 - ELECTRONIC LOCATION AND ACCESS
Uniform Resource Identifier http://site.ebrary.com/lib/rucke/Doc?id=10660589

No items available.

© 2026 Rongo University
Contact us: librarian | system librarian | Rongo university